1734 1722 1095 1187 1319 1661 1889 1226 1698 1741 1285 1011 1261 1735 1321 1170 1606 1336 1166 1515 1963 1822 1239 1252 1643 1715 1964 1871 1137 1093 1240 1513 1155 1548 1373 1808 1239 1186 1679 1415 1432 1248 1856 1622 1724 1451 1980 1811 1814 1456 1421 1522 1894 1138 1147 1893 1684 1977 1260 1532 1314 1949 1949 1428 1117 1949 1148 1199 1179 1613 1892 1908 1647 1114 1483 1891 1631 1091 1598 1341 1404 1253 1761 1593 1791 1268 1712 1257 1060 1265 1018 1341 1996 1227 1952 1308 1859 1907 1014 BCNSPRNW ULIB Ver.6.0+V

เปลี่ยนเป็นภาษาไทย

Change to English
 แสดงรายละเอียดบรรณานุกรม
  กลับหน้าหลัก

Brief Record : Get Marc (ISO 2709) : E-mail record : QR code < ปิดหน้าต่าง
LEADER : 00000nam 2200000uu 4500
001    13399112492
003     ULIB
008    110627s2550||||th 000 0 tha d
020    9789747525571
090    นว.^bท124ต 2550
100 0  ทรงกลด บางยี่ขัน
245 00 ต้นไม้ใต้โลก/^cทรงกลด บางยี่ขัน
250    พิมพ์ครั้งที่ 1
260    กรุงเทพฯ :^ba book,^c2550
300    226 หน้า
710 1  a book
945    ^p185^l0^i022002
995    ทศพร
999 ^a ใช้งานได้ทุกระบบ
รายการนี้ยังไม่มีแท็ก
คุณยังไม่ได้ล็อกอิน คุณสามารถมีกิจกรรมร่วมกับเว็บไซต์ได้ แต่ต้องล็อกอินก่อน ::
  ล็อกอิน

รายการสื่อสารสนเทศ

ลำดับที่ ประเภท เลขเรียก/บาร์โค้ด สถานที่ สถานะ
- ไม่พบข้อมูล -

รายการใกล้เคียง
    ผู้แต่ง [ทรงกลด บางยี่ขัน]

BibComment


ยังไม่เคยถูกคอมเมนท์

คอมเมนท์ทรัพยากรรายการนี้
  คอมเมนท์: ต้นไม้ใต้โลก ทรงก..


 Copyright 2026. Bcnsprnw @Library